Technology for facility managers (Record no. 194944)
[ view plain ]
| 000 -LEADER | |
|---|---|
| fixed length control field | 01598nam a2200361Ia 4500 |
| 082 04 - DEWEY DECIMAL CLASSIFICATION NUMBER | |
| Classification number | 658.200285 |
| 245 10 - TITLE STATEMENT | |
| Title | Technology for facility managers |
| 260 ## - PUBLICATION, DISTRIBUTION, ETC. (IMPRINT) | |
| Place of publication | Hoboken, NJ : |
| Name of publisher | John Wiley & Sons, Inc., |
| Year of publication | 2012. |
| 300 ## - PHYSICAL DESCRIPTION | |
| Number of Pages | xlii, 294 p. |
| 500 ## - GENERAL NOTE | |
| General note | "Expanded and revised version of the 2008 FM technology update published by the IFMA Foundation"--Introduction. |
| 650 #0 - SUBJECT ADDED ENTRY--TOPICAL TERM | |
| Topical Term | Facility management |
| Topical Term | Intelligent buildings. |
| Topical Term | Electronic apparatus and appliances. |
| 700 1# - ADDED ENTRY--PERSONAL NAME | |
| Personal name | Teicholz, Eric. |
| 856 40 - ELECTRONIC LOCATION AND ACCESS | |
| Uniform Resource Identifier | http://site.ebrary.com/lib/rucke/Doc?id=10602135 |
No items available.
